[Event "POL-chT 2nd div North"]
[Site "Lublin"]
[Date "1999.??.??"]
[Round "7"]
[White "Kolendo, Filip"]
[Black "Cichocki, Adam"]
[Result "0-1"]
[WhiteElo "2185"]
[BlackElo "2375"]
[PlyCount "38"]
[EventDate "1999.09.11"]
[EventType "team-swiss"]
[EventRounds "8"]
[EventCountry "POL"]
[SourceTitle "EXT 2003"]
[Source "ChessBase"]
[SourceDate "2002.11.25"]
[SourceVersion "1"]
[SourceVersionDate "2002.11.25"]
[SourceQuality "1"]
[WhiteTeam "Poznan Pocztowiec II"]
[BlackTeam "Gdanski Tama Jantar Pruszcz"]
[WhiteTeamCountry "POL"]
[BlackTeamCountry "POL"]

1. d4 d5 2. c4 e6 3. Nc3 c6 4. Nf3 Nf6 5. Bg5 dxc4 6. e4 b5 7. e5 h6 8. Bh4 g5 9. Nxg5 hxg5 10. Bxg5 Nbd7 11. g3 Qb6 12. exf6 Bb7 13. Bg2 0-0-0 14. 0-0 c5 15. d5 b4 16. Na4 Qb5 17. dxe6 Bxg2 18. Kxg2 Qc6+ 19. Qf3 Rxh2+ 0-1

[Event "Poznan Pocztowiec-ch op-A"]
[Site "Poznan"]
[Date "1999.??.??"]
[Round "3"]
[White "Kolendo, Filip"]
[Black "Owczarzak, Jerzy"]
[Result "0-1"]
[WhiteElo "2185"]
[BlackElo "2194"]
[PlyCount "74"]
[EventDate "1999.??.??"]
[EventType "swiss"]
[EventRounds "9"]
[EventCountry "POL"]
[SourceTitle "EXT 2003"]
[Source "ChessBase"]
[SourceDate "2002.11.25"]
[SourceVersion "1"]
[SourceVersionDate "2002.11.25"]
[SourceQuality "1"]

1. d4 Nf6 2. c4 g6 3. Nc3 d5 4. cxd5 Nxd5 5. e4 Nxc3 6. bxc3 Bg7 7. Nf3 c5 8. Rb1 0-0 9. Be2 Qa5 10. Qd2 a6 11. Rb3 b5 12. dxc5 Nd7 13. Ba3 Qc7 14. Qe3 Bb7 15. c4 Rfc8 16. cxb5 axb5 17. 0-0 Nxc5 18. Rc1 Nxb3 19. Rxc7 Rxc7 20. Qb6 Rc2 21. Bxe7 Bxe4 22. axb3 Rxe2 23. h4 Bxf3 24. gxf3 Rxe7 25. Qxb5 h5 26. f4 Rae8 27. Kg2 Bh6 28. f5 Kh7 29. fxg6+ fxg6 30. Qc6 Rf8 31. b4 Ref7 32. b5 Rxf2+ 33. Kg1 Be3 34. Kh1 Rf1+ 35. Kh2 R8f2+ 36. Kh3 Rf3+ 37. Kh2 R1f2+ 0-1

[Event "POL-chT 2nd div North"]
[Site "Lublin"]
[Date "1999.??.??"]
[Round "4"]
[White "Mazalon, Mariusz"]
[Black "Kolendo, Filip"]
[Result "1/2-1/2"]
[WhiteElo "2225"]
[BlackElo "2185"]
[PlyCount "49"]
[EventDate "1999.09.11"]
[EventType "team-swiss"]
[EventRounds "8"]
[EventCountry "POL"]
[SourceTitle "EXT 2003"]
[Source "ChessBase"]
[SourceDate "2002.11.25"]
[SourceVersion "1"]
[SourceVersionDate "2002.11.25"]
[SourceQuality "1"]
[WhiteTeam "Bydgoszcz Chemik"]
[BlackTeam "Poznan Pocztowiec II"]
[WhiteTeamCountry "POL"]
[BlackTeamCountry "POL"]

1. d4 Nf6 2. Nf3 g6 3. c4 Bg7 4. Nc3 0-0 5. e4 d6 6. h3 e5 7. d5 Nh5 8. g3 a5 9. Be3 Na6 10. Be2 f5 11. exf5 gxf5 12. Nxe5 Nxg3 13. fxg3 Bxe5 14. Rg1 Qf6 15. Qd2 Nc5 16. 0-0-0 a4 17. Bd4 Bd7 18. Bf3 a3 19. b3 Nxb3+ 20. axb3 a2 21. Nxa2 Bxd4 22. Qxd4 Qxd4 23. Rxd4 Rxa2 24. Rg2 Ra1+ 25. Kd2 1/2-1/2

[Event "Poznan Region op"]
[Site "Poznan"]
[Date "1997.??.??"]
[Round "7"]
[White "Kosmowski, Piotr"]
[Black "Kolendo, Filip"]
[Result "0-1"]
[WhiteElo "2025"]
[BlackElo "2155"]
[PlyCount "55"]
[EventDate "1997.??.??"]
[EventType "swiss"]
[EventRounds "9"]
[EventCountry "POL"]
[SourceTitle "EXT 2006"]
[Source "ChessBase"]
[SourceDate "2005.11.24"]
[SourceVersion "1"]
[SourceVersionDate "2005.11.24"]
[SourceQuality "1"]

1. e4 e6 2. d4 d5 3. Nc3 Bb4 4. Bd3 dxe4 5. Bxe4 Nf6 6. Bf3 0-0 7. Nge2 Nbd7 8. 0-0 e5 9. Bg5 h6 10. Bxf6 Qxf6 11. Nd5 Qd6 12. a3 Ba5 13. b4 c6 14. Ne3 Bc7 15. Nc4 Qg6 16. Ng3 exd4 17. Re1 Nf6 18. Ne5 Bxe5 19. Rxe5 Rd8 20. Re7 Rb8 21. Nh5 Nxh5 22. Bxh5 Qg5 23. Qe2 Be6 24. Rc7 Rd5 25. Bf3 Re5 26. h4 Qf6 27. Be4 Bd5 28. f3 0-1

[Event "Poznan op"]
[Site "Poznan"]
[Date "1996.??.??"]
[Round "2"]
[White "Dajlidko, Jurij"]
[Black "Kolendo, Filip"]
[Result "1/2-1/2"]
[WhiteElo "2000"]
[BlackElo "2195"]
[PlyCount "74"]
[EventDate "1996.??.??"]
[EventType "swiss"]
[EventRounds "9"]
[EventCountry "POL"]
[SourceTitle "EXT 2006"]
[Source "ChessBase"]
[SourceDate "2005.11.24"]
[SourceVersion "1"]
[SourceVersionDate "2005.11.24"]
[SourceQuality "1"]

1. d4 Nf6 2. Nf3 g6 3. c4 Bg7 4. Nc3 0-0 5. e4 d6 6. Be2 e5 7. d5 a5 8. 0-0 Na6 9. Ne1 Nc5 10. f3 Nh5 11. Be3 b6 12. a3 Bd7 13. b4 axb4 14. axb4 Rxa1 15. Qxa1 Nb3 16. Qd1 Nd4 17. Nc2 Nxc2 18. Qxc2 f5 19. c5 bxc5 20. bxc5 Nf4 21. Bb5 Bh6 22. Bxd7 Qxd7 23. Kh1 fxe4 24. Qxe4 Rb8 25. c6 Qc8 26. Ra1 Rb2 27. Bc1 Rxg2 28. Bxf4 Qh3 29. Bxe5 dxe5 30. Qxe5 Ra2 31. Qe8+ Kg7 32. Qe7+ Kg8 33. Qd8+ Kg7 34. Qxc7+ Kg8 35. Qd8+ Kf7 36. Qc7+ Kg8 37. Qb8+ Kf7 1/2-1/2

[Event "Poznan op"]
[Site "Poznan"]
[Date "1996.??.??"]
[Round "1"]
[White "Kolendo, Filip"]
[Black "Debowiak, Marcin"]
[Result "1-0"]
[WhiteElo "2195"]
[BlackElo "1800"]
[PlyCount "55"]
[EventDate "1996.??.??"]
[EventType "swiss"]
[EventRounds "9"]
[EventCountry "POL"]
[SourceTitle "EXT 2006"]
[Source "ChessBase"]
[SourceDate "2005.11.24"]
[SourceVersion "1"]
[SourceVersionDate "2005.11.24"]
[SourceQuality "1"]

1. d4 Nf6 2. c4 g6 3. Nc3 d5 4. cxd5 Nxd5 5. e4 Nxc3 6. bxc3 Bg7 7. Nf3 c5 8. Rb1 0-0 9. Be2 Nc6 10. d5 Ne5 11. Nxe5 Bxe5 12. Qd2 Qa5 13. Rb3 Bg7 14. 0-0 Qc7 15. c4 Rd8 16. Bb2 e6 17. Bxg7 Kxg7 18. Rh3 f5 19. e5 Qxe5 20. Qh6+ Kf7 21. Qxh7+ Qg7 22. Qh4 Bd7 23. Qf4 e5 24. Qg5 Rh8 25. Ra3 a6 26. Rb1 e4 27. Rxb7 Qa1+ 28. Bf1 1-0

[Event "POL-chT 51st"]
[Site "Lubniewice"]
[Date "1995.09.??"]
[Round "8"]
[White "Kolendo, Filip"]
[Black "Spisak, Czeslaw"]
[Result "1/2-1/2"]
[WhiteElo "2225"]
[BlackElo "2335"]
[PlyCount "125"]
[EventDate "1995.09.14"]
[EventType "team-tourn"]
[EventRounds "11"]
[EventCountry "POL"]
[SourceTitle "EXT 2019"]
[Source "ChessBase"]
[SourceDate "2018.10.10"]
[SourceVersion "1"]
[SourceVersionDate "2018.10.10"]
[SourceQuality "1"]
[WhiteTeam "Poznan Pocztowiec"]
[BlackTeam "Bielsko-Biala Wlokniarz"]
[WhiteTeamCountry "POL"]
[BlackTeamCountry "POL"]

1. d4 Nf6 2. c4 g6 3. Nc3 Bg7 4. e4 d6 5. Be2 0-0 6. Nf3 e5 7. 0-0 exd4 8. Nxd4 Re8 9. f3 Nh5 10. f4 Nf6 11. Bf3 Bg4 12. Re1 Nbd7 13. Bxg4 Nxg4 14. Nf3 c6 15. Qc2 Qb6+ 16. Kf1 Bxc3 17. bxc3 Qc5 18. h3 Qxc4+ 19. Re2 Ngf6 20. Nd2 Qa6 21. g4 d5 22. e5 Nc5 23. c4 Nfd7 24. Bb2 Na4 25. Bd4 c5 26. Bf2 Nab6 27. Rd1 Rad8 28. Kg2 d4 29. Bh4 Rb8 30. Rc1 Qa3 31. Rf2 Nc8 32. Ne4 b5 33. Rf3 Qa5 34. Rb1 bxc4 35. Rxb8 Nxb8 36. Nf6+ Kf8 37. Qxc4 Nb6 38. Qe2 c4 39. Nxe8 d3 40. Rxd3 cxd3 41. Qxd3 Nd5 42. Qb3 Qd2+ 43. Kh1 Qc1+ 44. Kh2 Qxf4+ 45. Kg1 Qc1+ 46. Kh2 Qd2+ 47. Kg1 Qc1+ 48. Kh2 Qf4+ 49. Kg1 Qxe5 50. Nf6 Nxf6 51. Bxf6 Qc5+ 52. Kg2 Nd7 53. Bc3 Qc6+ 54. Kh2 f6 55. Qa3+ Ke8 56. Qb3 a6 57. Qg8+ Nf8 58. Qb3 Qd6+ 59. Kg2 Ne6 60. Bxf6 Nf4+ 61. Kf3 Qxf6 62. Qb8+ Kd7 63. Qb7+ 1/2-1/2

[Event "Poznan op"]
[Site "Poznan"]
[Date "1995.??.??"]
[Round "5"]
[White "Kolendo, Filip"]
[Black "Kryzius, Kestutis"]
[Result "1/2-1/2"]
[WhiteElo "2210"]
[BlackElo "2225"]
[PlyCount "48"]
[EventDate "1995.??.??"]
[EventType "swiss"]
[EventRounds "9"]
[EventCountry "POL"]
[SourceTitle "EXT 2001"]
[Source "ChessBase"]
[SourceDate "2000.11.22"]
[SourceVersion "1"]
[SourceVersionDate "2000.11.22"]
[SourceQuality "1"]

1. d4 e6 2. c4 f5 3. Nf3 Nf6 4. g3 Be7 5. b3 0-0 6. Ba3 Bxa3 7. Nxa3 Qe7 8. Nb5 d6 9. Bg2 Ne4 10. Qc2 a6 11. Nc3 Nxc3 12. Qxc3 Nd7 13. Nd2 e5 14. e4 Qf6 15. d5 Nc5 16. b4 Nxe4 17. Nxe4 fxe4 18. 0-0 Bg4 19. Bxe4 Bf3 20. Rae1 b6 21. Bxf3 Qxf3 22. Re3 Qf7 23. Qd3 a5 24. b5 Qh5 1/2-1/2

[Event "POL-ch sf"]
[Site "Nadole"]
[Date "1994.??.??"]
[Round "1"]
[White "Grabarczyk, Bogdan"]
[Black "Kolendo, Filip"]
[Result "1/2-1/2"]
[WhiteElo "2355"]
[BlackElo "2130"]
[PlyCount "97"]
[EventDate "1994.??.??"]
[EventType "swiss"]
[EventRounds "11"]
[EventCountry "POL"]
[SourceTitle "EXT 2001"]
[Source "ChessBase"]
[SourceDate "2000.11.22"]
[SourceVersion "1"]
[SourceVersionDate "2000.11.22"]
[SourceQuality "1"]

1. e4 e6 2. d4 d5 3. Nc3 Bb4 4. Qd3 dxe4 5. Qxe4 Nf6 6. Qh4 Be7 7. Bg5 Nd5 8. Bxe7 Qxe7 9. Qg3 0-0 10. 0-0-0 Nxc3 11. Qxc3 b6 12. Qf3 c6 13. Bd3 Ba6 14. Qh5 Bxd3 15. Rxd3 Nd7 16. Nf3 Nf6 17. Qh4 c5 18. dxc5 Qxc5 19. Qd4 Qxd4 20. Rxd4 Rfd8 21. Rhd1 Rxd4 22. Rxd4 Kf8 23. Ne5 Ke8 24. g4 h6 25. h4 Rc8 26. g5 Nd5 27. a4 f6 28. gxf6 gxf6 29. Nd3 Ke7 30. c4 a5 31. Kd2 Nc7 32. Rg4 Kf7 33. h5 e5 34. Rg6 Ne6 35. Rxh6 Nf8 36. Nxe5+ fxe5 37. Rxb6 Rxc4 38. Rb5 Rxa4 39. Rxe5 Kf6 40. Rb5 Ne6 41. h6 Rb4 42. Rxb4 axb4 43. Kd3 Kg6 44. Kc4 Kxh6 45. Kxb4 Kg5 46. Kc4 Kf4 47. b4 Nc7 48. b5 Nxb5 49. Kxb5 1/2-1/2

[Event "POL-chT 50th"]
[Site "Lubniewice"]
[Date "1994.??.??"]
[Round "8"]
[White "Kolendo, Filip"]
[Black "Kwiatkowski, Lukasz"]
[Result "1-0"]
[WhiteElo "2165"]
[BlackElo "2280"]
[PlyCount "157"]
[EventDate "1994.09.22"]
[EventType "team-tourn"]
[EventRounds "11"]
[EventCountry "POL"]
[SourceTitle "EXT 2019"]
[Source "ChessBase"]
[SourceDate "2018.10.10"]
[SourceVersion "1"]
[SourceVersionDate "2018.10.10"]
[SourceQuality "1"]
[WhiteTeam "Poznan Pocztowiec"]
[BlackTeam "Gdansk Gedania"]
[WhiteTeamCountry "POL"]
[BlackTeamCountry "POL"]

1. d4 Nf6 2. c4 c5 3. d5 b5 4. cxb5 a6 5. f3 g6 6. e4 d6 7. Na3 Bg7 8. Ne2 0-0 9. Nc3 e6 10. Bc4 exd5 11. Nxd5 Nh5 12. 0-0 Be6 13. bxa6 Nxa6 14. Nb5 Nb4 15. Ne3 Qb8 16. a4 Bd7 17. Nd5 Bxb5 18. Bxb5 Nxd5 19. Qxd5 Bd4+ 20. Kh1 Nf6 21. Qb3 d5 22. exd5 Rd8 23. Bg5 Rxd5 24. Bxf6 Rh5 25. f4 Bxf6 26. Qf3 Bd4 27. Rae1 Qa7 28. g4 Rh4 29. Bc6 Rb8 30. Qg3 Qc7 31. Bd5 Qd6 32. Bg2 g5 33. b3 Rh6 34. Re4 gxf4 35. Qxf4 Qxf4 36. Rexf4 Be5 37. Bd5 Bxf4 38. Rxf4 Rf8 39. Kg2 Rd6 40. Bc4 Rd2+ 41. Kg3 Rd6 42. Rf5 Rc6 43. Kf4 Rc7 44. a5 Rd8 45. a6 Kg7 46. Rd5 Re8 47. Rg5+ Kf6 48. h4 Rf8 49. Rd5 Ke7 50. Rh5 Rh8 51. Rh6 f6 52. Kf5 Rd7 53. Rxf6 Rd2 54. Rf7+ Kd6 55. Rf6+ Kc7 56. Rf7+ Kd6 57. h5 Rf2+ 58. Kg5 Rg2 59. Rf6+ Kc7 60. Rf7+ Kb6 61. Rf6+ Ka7 62. h6 Rd2 63. Rc6 Rd7 64. Rxc5 Kb6 65. Rb5+ Kc6 66. Rf5 Kb6 67. Rf6+ Kc5 68. Rf7 Rd6 69. Rc7+ Kb6 70. Rb7+ Kc6 71. b4 Rdd8 72. b5+ Kc5 73. Rc7+ Kd6 74. Rc6+ Kd7 75. Be6+ Ke7 76. b6 Rd6 77. Rxd6 Kxd6 78. a7 Kc6 79. Bd5+ 1-0